Le casse-tete des retraites : Imperatifs et choix des regimes de retraite /

Cette brochure s'interesse aux choix qui doivent etre faits lors de la creation de regimes de retraite, et en particulier a l'opportunite d'abandonner les regimes publics par repartition au profit de regimes par capitalisation, qu'ils soient prives ou publics. Elle se penche sur...

Full description

Bibliographic Details
Main Author: Barr, N.
Format: Journal
Language:English
Published: Washington, D.C. : International Monetary Fund, 2003.
Series:Economic Issues; Economic Issues ; No. 2002/002
Online Access:Full text available on IMF
LEADER 01715cas a2200253 a 4500
001 AALejournalIMF012696
008 230101c9999 xx r poo 0 0eng d
020 |c 5.00 USD 
020 |z 9781589061460 
022 |a 1020-7724 
040 |a BD-DhAAL  |c BD-DhAAL 
100 1 |a Barr, N. 
240 1 0 |a Le casse-tete des retraites: Imperatifs et choix des regimes de retraite.  |l French 
245 1 0 |a Le casse-tete des retraites :   |b Imperatifs et choix des regimes de retraite /  |c N. Barr. 
264 1 |a Washington, D.C. :  |b International Monetary Fund,  |c 2003. 
300 |a 1 online resource (29 pages) 
490 1 |a Economic Issues 
500 |a <strong>Off-Campus Access:</strong> No User ID or Password Required 
500 |a <strong>On-Campus Access:</strong> No User ID or Password Required 
506 |a Electronic access restricted to authorized BRAC University faculty, staff and students 
520 3 |a Cette brochure s'interesse aux choix qui doivent etre faits lors de la creation de regimes de retraite, et en particulier a l'opportunite d'abandonner les regimes publics par repartition au profit de regimes par capitalisation, qu'ils soient prives ou publics. Elle se penche sur les raisons expliquant les controverses qui entourent l'elaboration des regimes de retraite, et sur la question de savoir si le deuxieme pilier des regimes de pension doit etre obligatoire, prive, finance par repartition ou par capitalisation, est fonde sur des contributions definies. 
538 |a Mode of access: Internet 
830 0 |a Economic Issues; Economic Issues ;  |v No. 2002/002 
856 4 0 |z Full text available on IMF  |u http://elibrary.imf.org/view/books/051/07216-9781589061460-fr/07216-9781589061460-fr-book.xml  |z IMF e-Library